000 01032cad a22002535a 4500
001 E150988
008 100917s2009 xxk f 100 0 eng d
020 _a9781842195192
035 _a(Sirsi) u150988
041 0 _aeng
100 1 _aMurphy, Lorraine
111 2 _aConstruction and Building Research Conference
_cUniversity of Cape Town
_d10-11 September 2009
245 0 0 _aImproving the energy performance of Dutch houses
_bdrawing lessons from neighbours
_h[electronic resource]
260 _aLondon
_bRICS
_c2009
520 _aA paper presented at the COBRA Conference in Cape Town on 10-11 September 2009.
590 _aKA
650 2 4 _aCONSTRUCTION AND BUILDING RESEARCH CONFERENCE (COBRA)
651 4 _aNetherlands
690 _aENVIRONMENTAL AND LAND CONSULTANCY-ENERGY-ENERGY USE-ENERGY EFFICIENCY
700 1 _aMeijer, Frits
700 1 _aVisscher, Henk
856 4 0 _uhttps://www.rics.org/site/scripts/download_info.aspx?fileID=5000&categoryID=524
_zView the item free of charge at www.rics.org
942 _n0
999 _c111087
_d111087